[Event "24th ECh U20"]
[Site "Siofok HUN"]
[Date "1996.??.??"]
[Round "1"]
[White "Lerch, Patrice"]
[Black "Ponomariov, Ruslan"]
[Result "0-1"]
[WhiteElo "2330"]
[BlackElo "2550"]
[EventDate "1996.08.30"]
[PlyCount "60"]

1.e4 Nf6 2.Nc3 e5 3.Nf3 d6 4.Bc4 Be7 5.d4 Nbd7 6.Qe2 O-O 7.h3 c6 8.a4 exd4
9.Nxd4 Re8 10.Be3 Bf8 11.O-O-O Nxe4 12.Nxe4 Rxe4 13.Nf3 d5 14.Bd3 Re8 15.
Ng5 Nf6 16.c3 h6 17.h4 Bc5 18.Qc2 Bxe3+ 19.fxe3 Bg4 20.Be2 Bxe2 21.Qxe2 
Re5 22.Nf3 Re4 23.Nd2 Rxa4 24.b3 Ra2 25.Qd3 Qe7 26.Nb1 Rxg2 27.Rhg1 Rxg1 
28.Rxg1 Re8 29.Rg3 Ne4 30.Rg1 Nc5 0-1

[Event "24th ECh U20"]
[Site "Siofok HUN"]
[Date "1996.??.??"]
[Round "1"]
[White "Diachkov, Sergei"]
[Black "Soln, Primoz"]
[Result "1/2-1/2"]
[WhiteElo "2515"]
[BlackElo "2330"]
[EventDate "1996.08.30"]
[PlyCount "76"]

1.d4 d5 2.c4 e6 3.Nf3 c6 4.Qc2 Nf6 5.g3 dxc4 6.Qxc4 b5 7.Qd3 Nbd7 8.Bg2 
Bb7 9.O-O a6 10.Rd1 c5 11.Nc3 c4 12.Qc2 b4 13.Nb1 Rc8 14.Bg5 Qa5 15.Bxf6 
Nxf6 16.Ne1 Nd5 17.a3 c3 18.bxc3 bxc3 19.Rc1 Be7 20.e4 Nb6 21.Nxc3 O-O 22.
Qb3 Rc7 23.Ne2 Rfc8 24.Rxc7 Rxc7 25.Nd3 Nc4 26.Nc5 Bxc5 27.Qxc4 Bf8 28.Qb3
Qd2 29.Qe3 Qxe3 30.fxe3 Rc2 31.Kf1 a5 32.Ke1 Ba6 33.Bf3 Rb2 34.Kf2 a4 35.
e5 g6 36.g4 Rb3 37.Bc6 Rb2 38.Bf3 Rb3 1/2-1/2

[Event "24th ECh U20"]
[Site "Siofok HUN"]
[Date "1996.??.??"]
[Round "1"]
[White "Zifroni, Dov"]
[Black "Zulfugarli, Mahomed"]
[Result "0-1"]
[WhiteElo "2490"]
[BlackElo "2325"]
[EventDate "1996.08.30"]
[PlyCount "60"]

1.e4 e5 2.Nf3 Nc6 3.d4 exd4 4.Nxd4 Nf6 5.Nc3 Bb4 6.Nxc6 bxc6 7.Bd3 d5 8.
exd5 cxd5 9.O-O O-O 10.Bg5 c6 11.Na4 h6 12.Bh4 Re8 13.c4 Bd6 14.Rc1 Rb8 
15.b3 Bf4 16.Rc2 Qd6 17.Bg3 Bxg3 18.hxg3 Re5 19.Re1 Bg4 20.f3 Bd7 21.g4 
Rg5 22.Rce2 Rf8 23.Qd2 Bxg4 24.fxg4 Nxg4 25.g3 Qxg3+ 26.Rg2 Qh4 27.Ree2 
Rh5 28.Kf1 Qh1+ 29.Rg1 Qf3+ 30.Ke1 Rh1 0-1

[Event "24th ECh U20"]
[Site "Siofok HUN"]
[Date "1996.??.??"]
[Round "1"]
[White "Gelbmann, Norbert"]
[Black "Gyimesi, Zoltan"]
[Result "1/2-1/2"]
[WhiteElo "2300"]
[BlackElo "2480"]
[EventDate "1996.08.30"]
[PlyCount "51"]

1.e4 e5 2.Nf3 Nc6 3.Bb5 a6 4.Ba4 Nf6 5.O-O Nxe4 6.d4 b5 7.Bb3 d5 8.dxe5 
Be6 9.Re1 Bc5 10.Be3 O-O 11.c3 Qe7 12.Bc2 Rad8 13.Bxc5 Qxc5 14.Nd4 b4 15.
Nxc6 Qxf2+ 16.Kh1 Bg4 17.Qc1 Bf3 18.gxf3 Qxf3+ 19.Kg1 Qg4+ 20.Kf1 Qf5+ 21.
Ke2 Qf2+ 22.Kd1 Qf3+ 23.Re2 Qf1+ 24.Re1 Qf3+ 25.Re2 Qf1+ 26.Re1 1/2-1/2

[Event "24th ECh U20"]
[Site "Siofok HUN"]
[Date "1996.??.??"]
[Round "1"]
[White "Sirigos, Nikolaos"]
[Black "Shariazdanov, Andrei"]
[Result "0-1"]
[WhiteElo "2290"]
[BlackElo "2470"]
[EventDate "1996.08.30"]
[PlyCount "116"]

1.d4 Nf6 2.Nf3 e6 3.c4 b6 4.g3 Ba6 5.Qc2 Bb7 6.Bg2 c5 7.dxc5 Bxc5 8.O-O 
Qc8 9.Nc3 Be7 10.b3 O-O 11.Bb2 Na6 12.Rac1 Nc5 13.Rfd1 Rd8 14.Rd4 d6 15.
Ne1 Bxg2 16.Nxg2 a6 17.Ne3 Qb7 18.a4 Rdc8 19.Rcd1 Ne8 20.Ne4 Rab8 21.b4 
Nxe4 22.Qxe4 Qxe4 23.Rxe4 b5 24.cxb5 axb5 25.a5 Kf8 26.Red4 d5 27.Rc1 
Rxc1+ 28.Bxc1 Rc8 29.Bd2 Nd6 30.Rd3 Ne4 31.Be1 Ke8 32.f3 Nd6 33.Kf2 Kd7 
34.Ra3 Kc6 35.Bc3 f6 36.Nc2 e5 37.e3 Nc4 38.Rb3 Bd6 39.Ke2 Bb8 40.Kd3 h5 
41.Rb1 Ba7 42.Rf1 Kd6 43.Re1 Ke6 44.Ba1 g5 45.h3 f5 46.Bc3 e4+ 47.fxe4 
dxe4+ 48.Ke2 Nxe3 49.Nd4+ Bxd4 50.Bxd4 Nc2 51.Rd1 Nxb4 52.Be3 Nd5 53.Bd4 
Rc6 54.Rb1 b4 55.Ra1 Nc7 56.Be3 Rc2+ 57.Kf1 b3 58.Bxg5 Ra2 0-1

[Event "24th ECh U20"]
[Site "Siofok HUN"]
[Date "1996.??.??"]
[Round "1"]
[White "Ruck, Robert"]
[Black "Lehmann, Zoltan"]
[Result "1-0"]
[WhiteElo "2465"]
[BlackElo "2285"]
[EventDate "1996.08.30"]
[PlyCount "71"]

1.d4 d5 2.g3 c6 3.Bg2 e6 4.Nf3 Bd6 5.O-O f5 6.c4 Nf6 7.Qc2 O-O 8.Ne5 Bd7 
9.Nd3 Qe7 10.Nd2 Be8 11.Nf3 Nbd7 12.Nfe5 Bh5 13.Bf4 Ne4 14.f3 Nef6 15.Rae1
Rac8 16.Qb3 Rb8 17.c5 Bxe5 18.Nxe5 Rbe8 19.Qxb7 Nxe5 20.Qxe7 Rxe7 21.Bxe5 
Rb7 22.b3 Nd7 23.Bd6 Re8 24.e4 Nf6 25.exf5 exf5 26.Kf2 Rb4 27.Rxe8+ Bxe8 
28.Ke3 Kf7 29.Kd3 Bd7 30.Re1 Be6 31.Kc3 Rb7 32.Bf1 Ne8 33.Be5 Nc7 34.a4 a5
35.Rb1 Bc8 36.b4 1-0

[Event "24th ECh U20"]
[Site "Siofok HUN"]
[Date "1996.??.??"]
[Round "1"]
[White "Sylvan, Jacob"]
[Black "Belozerov, Andrei"]
[Result "1/2-1/2"]
[WhiteElo "2285"]
[BlackElo "2455"]
[EventDate "1996.08.30"]
[PlyCount "41"]

1.e4 e5 2.Nf3 Nc6 3.Nc3 Nf6 4.d4 exd4 5.Nxd4 Bb4 6.Nxc6 bxc6 7.Bd3 d5 8.
exd5 cxd5 9.O-O O-O 10.Bg5 c6 11.Qf3 Bd6 12.Rfe1 Rb8 13.Na4 h6 14.Bf4 Rb4 
15.Bxd6 Qxd6 16.b3 Rf4 17.Qg3 Rd8 18.Qe3 Rh4 19.Qg3 Rf4 20.Qe3 Rh4 21.Qg3 
1/2-1/2

[Event "24th ECh U20"]
[Site "Siofok HUN"]
[Date "1996.??.??"]
[Round "1"]
[White "Krakops, Maris"]
[Black "Zavoronkov, Vladimir"]
[Result "1/2-1/2"]
[WhiteElo "2440"]
[BlackElo "2265"]
[EventDate "1996.08.30"]
[PlyCount "53"]

1.e4 c5 2.Nf3 d6 3.d4 cxd4 4.Nxd4 Nf6 5.Nc3 Nc6 6.Bg5 e6 7.Qd2 a6 8.O-O-O 
h6 9.Be3 Be7 10.f3 Nxd4 11.Bxd4 b5 12.Kb1 Rb8 13.Bxf6 Bxf6 14.Qxd6 Qxd6 
15.Rxd6 Bxc3 16.bxc3 Ke7 17.e5 f6 18.Bd3 fxe5 19.Rc6 Bb7 20.Rc7+ Kf6 21.
Be4 Bd5 22.Bxd5 exd5 23.Rc6+ Kf5 24.Rxa6 b4 25.cxb4 Rxb4+ 26.Kc1 Rhb8 27.
Kd2 1/2-1/2

[Event "24th ECh U20"]
[Site "Siofok HUN"]
[Date "1996.??.??"]
[Round "1"]
[White "Maros, Milan"]
[Black "Hausrath, Daniel"]
[Result "1-0"]
[WhiteElo "2255"]
[BlackElo "2440"]
[EventDate "1996.08.30"]
[PlyCount "95"]

1.e4 c5 2.Nf3 Nc6 3.d4 cxd4 4.Nxd4 Nf6 5.Nc3 e5 6.Ndb5 d6 7.Bg5 a6 8.Na3 
Be6 9.Nc4 Rc8 10.Bxf6 Qxf6 11.Nb6 Rb8 12.Ncd5 Qd8 13.c3 Be7 14.Bc4 O-O 15.
O-O Bg5 16.a4 a5 17.Qe2 Kh8 18.Rad1 g6 19.Kh1 Re8 20.Bb5 f5 21.exf5 gxf5 
22.f4 exf4 23.Qf2 Bf7 24.Bd3 Re5 25.Bc2 Qg8 26.Nxf4 Rbe8 27.h4 Bxf4 28.
Qxf4 Re2 29.Rf2 Re1+ 30.Rxe1 Rxe1+ 31.Kh2 Qd8 32.Bxf5 Ne5 33.Qd4 Kg8 34.
Nd5 Kh8 35.Ne3 Qe7 36.Nc2 Rb1 37.Ne3 Re1 38.Nc2 Rb1 39.Ne3 Re1 40.Nc2 Rb1 
41.Na3 Re1 42.Nb5 Bd5 43.Bh3 Bb3 44.Nxd6 Rd1 45.Nf7+ Qxf7 46.Qxe5+ Qg7 47.
Qb8+ Bg8 48.Be6 1-0

[Event "24th ECh U20"]
[Site "Siofok HUN"]
[Date "1996.??.??"]
[Round "1"]
[White "Chekurov, Viacheslav"]
[Black "Barva, Attila"]
[Result "1/2-1/2"]
[WhiteElo "2425"]
[BlackElo "2250"]
[EventDate "1996.08.30"]
[PlyCount "63"]

1.e4 e6 2.d4 d5 3.Nc3 Nf6 4.Bg5 Be7 5.e5 Nfd7 6.Bxe7 Qxe7 7.f4 a6 8.Nf3 c5
9.Qd2 Nc6 10.dxc5 Qxc5 11.Bd3 b5 12.a3 Bb7 13.b4 Qb6 14.Qf2 Qxf2+ 15.Kxf2 
Rc8 16.Ne2 O-O 17.Rhe1 f6 18.exf6 Rxf6 19.Kg1 e5 20.fxe5 Ndxe5 21.Nxe5 
Nxe5 22.Nd4 Nxd3 23.cxd3 Rc3 24.Rac1 Rxd3 25.Ne6 Rd2 26.Nd8 h5 27.Rf1 Rb6 
28.Rc7 Rg6 29.Rf2 Rd1+ 30.Rf1 Rd2 31.Rf2 Rd1+ 32.Rf1 1/2-1/2

[Event "24th ECh U20"]
[Site "Siofok HUN"]
[Date "1996.??.??"]
[Round "1"]
[White "Vasilev, Milen"]
[Black "Prohl, Holger"]
[Result "1/2-1/2"]
[WhiteElo "2250"]
[BlackElo "2400"]
[EventDate "1996.08.30"]
[PlyCount "72"]

1.d4 d5 2.c4 e6 3.Nc3 Nf6 4.cxd5 exd5 5.Bg5 Be7 6.e3 O-O 7.Qc2 c6 8.Bd3 
Nbd7 9.Nf3 Re8 10.O-O Nf8 11.h3 Ng6 12.Bxf6 Bxf6 13.b4 Qd6 14.Rab1 a6 15.
a4 Bd8 16.Rfc1 Qf6 17.Qd1 Nh4 18.Nxh4 Qxh4 19.b5 axb5 20.axb5 Qg5 21.Qf3 
Qf6 22.Qxf6 Bxf6 23.bxc6 bxc6 24.Ra1 Bd7 25.Na4 Reb8 26.Nc5 Be8 27.Rxa8 
Rxa8 28.Na6 Bd7 29.Rb1 Kf8 30.Rb7 Bc8 31.Rb8 Rxb8 32.Nxb8 Bb7 33.Nd7+ Ke7 
34.Nxf6 Kxf6 35.f4 h6 36.Kf2 Ke6 1/2-1/2

[Event "24th ECh U20"]
[Site "Siofok HUN"]
[Date "1996.??.??"]
[Round "1"]
[White "Mchedlishvili, Mikheil"]
[Black "Moor, Roger"]
[Result "1/2-1/2"]
[WhiteElo "2370"]
[BlackElo "2240"]
[EventDate "1996.08.30"]
[PlyCount "118"]

1.e4 c5 2.Nf3 d6 3.d4 cxd4 4.Nxd4 Nf6 5.Nc3 g6 6.g3 Nc6 7.Bg2 Nxd4 8.Qxd4 
Bg7 9.O-O O-O 10.a4 Be6 11.Qb4 Rb8 12.Be3 b6 13.Nd5 Qd7 14.Rfe1 b5 15.Bd4 
Rfc8 16.axb5 Bxd5 17.exd5 Rxb5 18.Qa4 Rb7 19.Qxd7 Nxd7 20.Rxa7 Rxa7 21.
Bxa7 Rc7 22.Be3 Bxb2 23.Re2 Kg7 24.c4 Bf6 25.Rc2 Nc5 26.Bf1 Nb3 27.Ra2 Bd4
28.Ra3 Bxe3 29.Rxb3 Bc5 30.Rb2 Ra7 31.Kg2 Kf6 32.Be2 Ke5 33.Bf1 Kd4 34.Rc2
Ra3 35.h4 h6 36.Re2 Ra7 37.Rc2 g5 38.hxg5 hxg5 39.Rd2+ Kc3 40.Re2 Kd4 41.
Rd2+ Kc3 42.Re2 Bd4 43.Re4 f5 44.Re2 Kb4 45.Rd2 Kc5 46.Bd3 f4 47.gxf4 gxf4
48.Be2 Bc3 49.Rd3 Ra2 50.Kf1 Be5 51.Rb3 Kd4 52.Rd3+ Ke4 53.Rb3 Bd4 54.Bd3+
Ke5 55.Be2 Bc5 56.Rh3 Rb2 57.Rh5+ Ke4 58.Rh3 Rb1+ 59.Kg2 Rb2 1/2-1/2

[Event "24th ECh U20"]
[Site "Siofok HUN"]
[Date "1996.??.??"]
[Round "1"]
[White "Praet, Maarten"]
[Black "Petrov, Jole"]
[Result "1/2-1/2"]
[WhiteElo "2235"]
[BlackElo "2365"]
[EventDate "1996.08.30"]
[PlyCount "92"]

1.e4 e5 2.Nf3 Nc6 3.d4 exd4 4.Nxd4 Nf6 5.Nc3 Bb4 6.Nxc6 bxc6 7.Bd3 d5 8.
exd5 cxd5 9.O-O O-O 10.Bg5 c6 11.Qf3 Qd6 12.h3 Ba5 13.Ne2 Bc7 14.Bf4 Qd8 
15.c4 Be6 16.Bxc7 Qxc7 17.Nf4 dxc4 18.Nxe6 fxe6 19.Bxc4 Nd5 20.Qe4 Rf6 21.
Rae1 Qb6 22.Re2 Raf8 23.g3 Kh8 24.Bd3 g6 25.h4 R8f7 26.Qe5 Kg8 27.h5 gxh5 
28.Qxh5 Qd4 29.Be4 Kh8 30.Kg2 Rg7 31.Bxd5 Qxd5+ 32.Qxd5 exd5 33.Re8+ Rg8 
34.Rfe1 Rf7 35.R1e7 Kg7 36.Rxf7+ Kxf7 37.Rxg8 Kxg8 38.b4 Kf7 39.Kf3 Ke6 
40.Ke3 h5 41.Kd4 Kd6 42.f4 Ke6 43.Kc5 Kf5 44.b5 cxb5 45.Kxd5 Kg4 46.Kc5 
Kxg3 1/2-1/2

[Event "24th ECh U20"]
[Site "Siofok HUN"]
[Date "1996.??.??"]
[Round "1"]
[White "Delemarre, Jop"]
[Black "Schacher, Gerd"]
[Result "1-0"]
[WhiteElo "2360"]
[BlackElo "2235"]
[EventDate "1996.08.30"]
[PlyCount "89"]

1.d4 Nf6 2.c4 c5 3.d5 b5 4.cxb5 a6 5.b6 e6 6.Nc3 Nxd5 7.Nxd5 exd5 8.Qxd5 
Nc6 9.Nf3 Rb8 10.e4 Be7 11.Bc4 O-O 12.O-O Rxb6 13.b3 Bb7 14.Qd2 Bf6 15.Bb2
Bxb2 16.Qxb2 Na5 17.Bd5 Bxd5 18.exd5 Rb4 19.Rac1 d6 20.Rfe1 h6 21.Re3 Qb6 
22.Qe2 Qb5 23.Qd2 Qb6 24.Qe2 Qb5 25.Qd2 Qb6 26.h3 c4 27.Re4 Rb8 28.Rce1 
Kf8 29.Qe2 Qd8 30.bxc4 Rb2 31.Qd3 Rxa2 32.R4e3 Kg8 33.Nd4 Ra4 34.Nc6 Nxc6 
35.dxc6 g6 36.Qd4 Rc8 37.c7 Qd7 38.Re7 Qc6 39.Qd5 Qxd5 40.cxd5 Kg7 41.Rd7 
Rc4 42.Ree7 Rf8 43.Rxd6 Rc5 44.Rdd7 a5 45.d6 1-0

[Event "24th ECh U20"]
[Site "Siofok HUN"]
[Date "1996.??.??"]
[Round "1"]
[White "Mifsud, Timothy"]
[Black "Quinn, Mark"]
[Result "1/2-1/2"]
[WhiteElo "2230"]
[BlackElo "2350"]
[EventDate "1996.08.30"]
[PlyCount "85"]

1.e4 c5 2.Nf3 Nc6 3.d4 cxd4 4.Nxd4 e5 5.Nb5 d6 6.c4 Be7 7.Be2 Be6 8.O-O 
Rc8 9.N1c3 a6 10.Na3 Nf6 11.Be3 O-O 12.f3 Nd7 13.Nd5 Bg5 14.Bf2 g6 15.Qb3 
Qa5 16.h4 Bh6 17.Qxb7 Bxd5 18.cxd5 Nc5 19.Bxc5 Qxc5+ 20.Kh1 Nb4 21.Nc4 Rc7
22.Qb6 Qxb6 23.Nxb6 Rc2 24.a3 Rxe2 25.axb4 Rxb2 26.Rxa6 Rxb4 27.Nd7 Rc8 
28.Rxd6 Bf4 29.Rb6 Rd4 30.Rb2 Bg3 31.Nb8 Kg7 32.Nc6 Rd3 33.Rbb1 Ra8 34.
Rbd1 Rc3 35.Rc1 Rd3 36.Rfd1 Raa3 37.d6 Bxh4 38.d7 Rac3 39.Nxe5 Rxc1 40.
Rxc1 Rd6 41.Rc5 Rd1+ 42.Kh2 Bf6 43.Ng4 1/2-1/2

[Event "24th ECh U20"]
[Site "Siofok HUN"]
[Date "1996.??.??"]
[Round "1"]
[White "Szuk, Balazs"]
[Black "Gabrielsen, Stig"]
[Result "1/2-1/2"]
[WhiteElo "2350"]
[BlackElo "2225"]
[EventDate "1996.08.30"]
[PlyCount "79"]

1.e4 c5 2.Nf3 Nc6 3.d4 cxd4 4.Nxd4 Nf6 5.Nc3 e5 6.Ndb5 d6 7.Bg5 a6 8.Na3 
b5 9.Nd5 Be7 10.Bxf6 Bxf6 11.c3 Nb8 12.Nc2 Nd7 13.g3 Bg5 14.Bg2 O-O 15.h4 
Be7 16.Nce3 Nb6 17.Nxb6 Qxb6 18.Nd5 Qa7 19.a4 bxa4 20.Rxa4 Bd8 21.O-O Bd7 
22.Ra3 Bb5 23.Re1 Bb6 24.Qd2 Bc4 25.Nxb6 Qxb6 26.Bf1 Bb3 27.Qd3 a5 28.Qb5 
Qxb5 29.Bxb5 a4 30.Rea1 Rab8 31.Bxa4 Bxa4 32.Rxa4 Rxb2 33.Ra6 Rd2 34.Rc6 
f5 35.exf5 Rxf5 36.Ra7 Rdxf2 37.Rxd6 h5 38.g4 Rf1+ 39.Kg2 R1f2+ 40.Kg1 
1/2-1/2

[Event "24th ECh U20"]
[Site "Siofok HUN"]
[Date "1996.??.??"]
[Round "1"]
[White "Nilsson, Mattias"]
[Black "Antoniewski, Rafal"]
[Result "0-1"]
[WhiteElo "2145"]
[BlackElo "2350"]
[EventDate "1996.08.30"]
[PlyCount "78"]

1.d4 Nf6 2.c4 g6 3.Nc3 Bg7 4.e4 d6 5.Nf3 O-O 6.Be2 e5 7.O-O Qe8 8.dxe5 
dxe5 9.Be3 b6 10.Nd5 Na6 11.Nxf6+ Bxf6 12.Qc2 c5 13.a3 Qe7 14.Nd2 Bb7 15.
Nb1 Bg5 16.Nc3 Bxe3 17.fxe3 Qg5 18.Qd3 Rad8 19.Nd5 Nc7 20.Qc3 Ne8 21.Bf3 
Bxd5 22.exd5 Nd6 23.Kh1 Rde8 24.Bd1 f5 25.Ba4 Ne4 26.Qe1 Rd8 27.Bc6 Qg4 
28.b3 Qh5 29.Rb1 g5 30.Rb2 g4 31.Kg1 Rd6 32.b4 Rh6 33.g3 Ng5 34.bxc5 bxc5 
35.Qc3 f4 36.exf4 exf4 37.gxf4 Nf3+ 38.Rxf3 gxf3 39.Bd7 f2+ 0-1

[Event "24th ECh U20"]
[Site "Siofok HUN"]
[Date "1996.??.??"]
[Round "2"]
[White "Antoniewski, Rafal"]
[Black "Parker, Jonathan"]
[Result "0-1"]
[WhiteElo "2350"]
[BlackElo "2470"]
[EventDate "1996.08.30"]
[PlyCount "90"]

1.e4 e5 2.Nf3 Nc6 3.Bb5 Nf6 4.O-O Nxe4 5.d4 Nd6 6.Bxc6 dxc6 7.dxe5 Nf5 8.
Qxd8+ Kxd8 9.b3 a5 10.Nc3 Bb4 11.Bb2 Bxc3 12.Bxc3 c5 13.Ng5 Ke7 14.Rfe1 h6
15.Ne4 b6 16.Rad1 Be6 17.Rd2 Rhd8 18.Red1 Rxd2 19.Rxd2 a4 20.Kf1 axb3 21.
axb3 Ra2 22.Ke1 Nd4 23.Bxd4 cxd4 24.Rxd4 Rxc2 25.Nd2 g5 26.Rd3 Rc5 27.Re3 
Bd5 28.f3 Ke6 29.g3 Bb7 30.f4 gxf4 31.gxf4 Kf5 32.Rh3 Kxf4 33.Rxh6 Rxe5+ 
34.Kd1 Kg5 35.Rh8 Kg6 36.Rb8 Bd5 37.Rc8 c6 38.Kc2 b5 39.Rg8+ Kh7 40.Rg3 
Rh5 41.h3 f5 42.Rc3 f4 43.Kb2 Rg5 44.Nf3 Rg2+ 45.Ka3 Rg3 0-1

[Event "24th ECh U20"]
[Site "Siofok HUN"]
[Date "1996.??.??"]
[Round "2"]
[White "Zulfugarli, Mahomed"]
[Black "Ruck, Robert"]
[Result "1/2-1/2"]
[WhiteElo "2325"]
[BlackElo "2465"]
[EventDate "1996.08.30"]
[PlyCount "91"]

1.e4 c5 2.Nf3 d6 3.c3 Nf6 4.Bd3 Bg4 5.h3 Bh5 6.Bc2 Nc6 7.d3 e6 8.Nbd2 Be7 
9.Nf1 d5 10.Ng3 Bg6 11.Nh4 Bd6 12.Nxg6 hxg6 13.O-O Nh5 14.exd5 exd5 15.Qf3
Nf6 16.Re1+ Kf8 17.Bg5 Ne5 18.Qe2 Qc7 19.Bb3 Ned7 20.Qf3 Ne5 21.Qe3 Ned7 
22.d4 c4 23.Ba4 Bxg3 24.Qxg3 Qxg3 25.fxg3 Nb6 26.Bc2 Re8 27.Bxf6 gxf6 28.
Rxe8+ Kxe8 29.Re1+ Kd7 30.g4 Nc8 31.Ba4+ Kd8 32.Bc2 Nd6 33.g5 Ne8 34.gxf6 
Nxf6 35.Kh2 Kd7 36.g3 Kd6 37.Kg2 Nd7 38.h4 f5 39.Bd1 Nf6 40.Re5 Nd7 41.Re1
Nf6 42.Bf3 Ne4 43.Bxe4 fxe4 44.Rf1 Ke7 45.Rf4 Rh5 46.Rf2 1/2-1/2

[Event "24th ECh U20"]
[Site "Siofok HUN"]
[Date "1996.??.??"]
[Round "2"]
[White "Soln, Primoz"]
[Black "Krakops, Maris"]
[Result "0-1"]
[WhiteElo "2330"]
[BlackElo "2440"]
[EventDate "1996.08.30"]
[PlyCount "166"]

1.d4 Nf6 2.c4 g6 3.Nc3 Bg7 4.e4 d6 5.Bd3 O-O 6.Nge2 Nfd7 7.Bc2 c5 8.d5 Ne5
9.Bb3 e6 10.O-O exd5 11.cxd5 c4 12.Bc2 Na6 13.Be3 Nb4 14.Bb1 Nbd3 15.Qd2 
b5 16.a3 f5 17.exf5 Bxf5 18.Nd4 Qh4 19.f3 Rae8 20.Ncxb5 c3 21.Qxc3 Nc4 22.
Qxc4 Rxe3 23.g3 Qh3 24.Nxf5 Re2 25.Ne7+ Kh8 26.Nxg6+ hxg6 27.Qh4+ Qxh4 28.
gxh4 Nf4 29.Kh1 Be5 30.Nc3 Rxb2 31.Na4 Rb5 32.Ra2 Rfb8 33.Bc2 Kg7 34.h5 
gxh5 35.Bd1 Kf6 36.Rc2 Ra5 37.Nc3 Bxc3 38.Rxc3 Rxd5 39.Bc2 Rd2 40.Rc4 Ne6 
41.Rg1 Rb2 42.Rg6+ Kf7 43.Bf5 Rxh2+ 44.Kg1 Rhd2 45.Rc1 Nc5 46.Rg5 h4 47.
Bh3 Kf6 48.Rh5 Nd3 49.Rf1 Nf2 50.Rxh4 Kg5 51.Rh7 d5 52.Bc8 a5 53.Rh2 Nd3 
54.Rxd2 Rxd2 55.f4+ Nxf4 56.Rf2 Rd1+ 57.Kh2 Rd3 58.Ra2 Kf6 59.a4 Rc3 60.
Bd7 Ke5 61.Rb2 Kd6 62.Bg4 Nd3 63.Rb8 Ne5 64.Bh5 Rc4 65.Rd8+ Kc5 66.Be8 Nc6
67.Rc8 Kb6 68.Bf7 Ne5 69.Rb8+ Kc7 70.Ra8 Nxf7 71.Ra7+ Kc6 72.Rxf7 Rxa4 73.
Kg3 Re4 74.Kf3 a4 75.Ra7 Kb5 76.Rd7 Kc4 77.Ra7 Kb4 78.Rd7 Rd4 79.Ke2 a3 
80.Rb7+ Kc3 81.Ra7 Kb3 82.Rb7+ Rb4 83.Ra7 a2 0-1

[Event "24th ECh U20"]
[Site "Siofok HUN"]
[Date "1996.??.??"]
[Round "2"]
[White "Gyimesi, Zoltan"]
[Black "Sylvan, Jacob"]
[Result "1/2-1/2"]
[WhiteElo "2480"]
[BlackElo "2285"]
[EventDate "1996.08.30"]
[PlyCount "66"]

1.d4 Nf6 2.c4 g6 3.Nc3 Bg7 4.e4 d6 5.Be2 O-O 6.Nf3 e5 7.O-O Nc6 8.d5 Ne7 
9.Ne1 Nd7 10.Nd3 f5 11.Bd2 Nf6 12.f3 f4 13.g4 g5 14.Be1 c5 15.dxc6 bxc6 
16.Bf2 Ng6 17.Rc1 Be6 18.b3 Rf7 19.Rc2 Bf8 20.Rd2 Be7 21.c5 d5 22.Nb4 d4 
23.Nxc6 Qf8 24.Nxe7+ Rxe7 25.Nb5 h5 26.h3 hxg4 27.hxg4 Rh7 28.Kg2 Nxg4 29.
fxg4 f3+ 30.Bxf3 Nf4+ 31.Kg1 Nh3+ 32.Kg2 Nf4+ 33.Kg1 Nh3+ 1/2-1/2

[Event "24th ECh U20"]
[Site "Siofok HUN"]
[Date "1996.??.??"]
[Round "2"]
[White "Belozerov, Andrei"]
[Black "Gelbmann, Norbert"]
[Result "1-0"]
[WhiteElo "2455"]
[BlackElo "2300"]
[EventDate "1996.08.30"]
[PlyCount "51"]

1.e4 c5 2.Nf3 d6 3.d4 cxd4 4.Qxd4 Nc6 5.Bb5 Bd7 6.Bxc6 Bxc6 7.Nc3 Nf6 8.
Bg5 e6 9.O-O-O Be7 10.Rhe1 O-O 11.Kb1 Qa5 12.Qd2 Qb6 13.Nd4 Rfe8 14.f3 a6 
15.h4 h6 16.Be3 Qc7 17.g4 Nd7 18.g5 Ne5 19.gxh6 g6 20.h5 gxh5 21.Qg2+ Ng6 
22.Nxe6 Qa5 23.f4 Kh7 24.f5 Rg8 25.fxg6+ Rxg6 26.Qf3 1-0

[Event "24th ECh U20"]
[Site "Siofok HUN"]
[Date "1996.??.??"]
[Round "2"]
[White "Hausrath, Daniel"]
[Black "Sirigos, Nikolaos"]
[Result "1-0"]
[WhiteElo "2440"]
[BlackElo "2290"]
[EventDate "1996.08.30"]
[PlyCount "83"]

1.d4 Nf6 2.Nf3 g6 3.g3 Bg7 4.Bg2 O-O 5.O-O d6 6.h3 c5 7.Nc3 Na6 8.e4 cxd4 
9.Nxd4 Nc5 10.Be3 Bd7 11.Qd2 Rc8 12.Rad1 a5 13.Nb3 b6 14.Nxc5 bxc5 15.Rfe1
Qb6 16.g4 Bc6 17.b3 Qb7 18.Bg5 a4 19.bxa4 Rfe8 20.Rb1 Qa8 21.Rb3 Nd7 22.
Bh6 Bf6 23.Reb1 Ne5 24.Qe2 Rb8 25.Nd5 Bxd5 26.exd5 Nd7 27.Qc4 Qa7 28.Rb5 
Rb6 29.a5 Rxb5 30.Rxb5 Ne5 31.Qf1 g5 32.Qc1 Ng6 33.Bxg5 Bc3 34.Bd2 Be5 35.
c4 e6 36.Qb1 Qe7 37.Rb8 Rxb8 38.Qxb8+ Kg7 39.a6 Qf6 40.Qb3 exd5 41.a7 Nf4 
42.Qf3 1-0

[Event "24th ECh U20"]
[Site "Siofok HUN"]
[Date "1996.??.??"]
[Round "2"]
[White "Gabrielsen, Stig"]
[Black "Zifroni, Dov"]
[Result "1-0"]
[WhiteElo "2225"]
[BlackElo "2490"]
[EventDate "1996.08.30"]
[PlyCount "85"]

1.e4 e6 2.d4 d5 3.Nc3 Bb4 4.e5 c5 5.a3 Bxc3+ 6.bxc3 Ne7 7.Qg4 O-O 8.Bd3 f5
9.exf6 Rxf6 10.Bg5 Rf7 11.Qh5 g6 12.Qd1 Nbc6 13.Nf3 Qf8 14.O-O c4 15.Be2 
h6 16.Bxe7 Qxe7 17.Re1 Bd7 18.Bf1 Raf8 19.Re3 g5 20.h3 Rf6 21.Be2 Qh7 22.
Qd2 Kh8 23.Rf1 Qe7 24.Qc1 Rf5 25.Bd1 Qd6 26.Rfe1 Qf4 27.a4 R5f6 28.Qa3 h5 
29.Rf1 h4 30.Ne5 Qxe3 31.fxe3 Rxf1+ 32.Kh2 Nxe5 33.dxe5 R8f2 34.Bf3 Bc6 
35.Qf8+ Kh7 36.Qe7+ Kh8 37.Qxe6 d4 38.Qh6+ Kg8 39.Qxg5+ Kf8 40.Bxc6 bxc6 
41.cxd4 Rxc2 42.Qh6+ Kf7 43.Qh7+ 1-0

[Event "24th ECh U20"]
[Site "Siofok HUN"]
[Date "1996.??.??"]
[Round "2"]
[White "Zavoronkov, Vladimir"]
[Black "Chekurov, Viacheslav"]
[Result "1-0"]
[WhiteElo "2265"]
[BlackElo "2425"]
[EventDate "1996.08.30"]
[PlyCount "51"]

1.e4 c6 2.Nc3 d5 3.Nf3 Bg4 4.h3 Bxf3 5.Qxf3 e6 6.d3 Nf6 7.Bd2 Qb6 8.g4 Bb4
9.O-O-O d4 10.Nb1 Bxd2+ 11.Nxd2 Qc7 12.h4 c5 13.g5 Nfd7 14.h5 Ne5 15.Qg3 
Nbc6 16.Bh3 Qe7 17.g6 hxg6 18.f4 Nd7 19.hxg6 O-O-O 20.gxf7 Qxf7 21.Nc4 Kb8
22.Bxe6 Qe7 23.f5+ Ka8 24.Rxh8 Rxh8 25.Rg1 b5 26.Bd5 1-0

[Event "24th ECh U20"]
[Site "Siofok HUN"]
[Date "1996.??.??"]
[Round "2"]
[White "Prohl, Holger"]
[Black "Praet, Maarten"]
[Result "1/2-1/2"]
[WhiteElo "2400"]
[BlackElo "2235"]
[EventDate "1996.08.30"]
[PlyCount "133"]

1.e4 c5 2.c3 g6 3.d4 cxd4 4.cxd4 d5 5.exd5 Nf6 6.Nc3 Bg7 7.Nf3 O-O 8.Bc4 
Nbd7 9.Bg5 Nb6 10.Bxf6 Bxf6 11.Bb3 Bg4 12.O-O Rc8 13.h3 Bxf3 14.Qxf3 Bxd4 
15.Rad1 Bxc3 16.bxc3 Qc7 17.Rfe1 a5 18.Rd4 Qd6 19.Re3 Rc7 20.h4 Rfc8 21.h5
Nc4 22.Re1 Na3 23.Rd3 b5 24.Qe3 a4 25.Bd1 Nc4 26.Qd4 Nb2 27.hxg6 hxg6 28.
Rde3 Rc4 29.Qd2 Nxd1 30.Rxd1 Qf6 31.Rf3 Qg7 32.Qe2 R8c7 33.d6 exd6 34.Qe8+
Qf8 35.Qxb5 Rxc3 36.Rxc3 Rxc3 37.Qxa4 Qh6 38.Rxd6 Rc1+ 39.Rd1 Qd2 40.Qe8+ 
Kg7 41.Qe5+ f6 42.Qc7+ Rxc7 43.Rxd2 Ra7 44.Kf1 Kf7 45.Re2 f5 46.Rc2 Ke6 
47.Ke2 Kd5 48.Kf3 g5 49.Rd2+ Ke5 50.Re2+ Kd4 51.Kg3 Ra3+ 52.f3 Kd5 53.Kf2 
Kd4 54.Rb2 Ra4 55.Rb5 g4 56.Rxf5 Rxa2+ 57.Kg3 gxf3 58.Rxf3 Ke5 59.Kh3 Ra6 
60.Kh4 Ra8 61.g4 Rh8+ 62.Kg3 Ke6 63.Rf5 Ke7 64.Kf3 Rf8 65.Rxf8 Kxf8 66.Kf4
Kg8 67.Kf5 1/2-1/2

[Event "24th ECh U20"]
[Site "Siofok HUN"]
[Date "1996.??.??"]
[Round "2"]
[White "Barva, Attila"]
[Black "Mchedlishvili, Mikheil"]
[Result "1/2-1/2"]
[WhiteElo "2250"]
[BlackElo "2370"]
[EventDate "1996.08.30"]
[PlyCount "31"]

1.d4 d5 2.Nf3 Nf6 3.Bf4 Bg4 4.Ne5 Bh5 5.f3 e6 6.g4 Bg6 7.h4 h5 8.Nxg6 fxg6
9.g5 Ng8 10.Qd3 Kf7 11.Bh3 Bd6 12.Qe3 Qd7 13.Nc3 Ne7 14.Be5 Rf8 15.O-O-O 
Nbc6 16.Bxd6 1/2-1/2

[Event "24th ECh U20"]
[Site "Siofok HUN"]
[Date "1996.??.??"]
[Round "2"]
[White "Lehmann, Zoltan"]
[Black "Kovacs, Gabor"]
[Result "1/2-1/2"]
[WhiteElo "2285"]
[BlackElo "2335"]
[EventDate "1996.08.30"]
[PlyCount "33"]

1.d4 Nf6 2.c4 e6 3.Nc3 Bb4 4.Bg5 h6 5.Bh4 c5 6.d5 d6 7.e3 Bxc3+ 8.bxc3 e5 
9.Nf3 Bf5 10.Be2 g5 11.Bg3 Ne4 12.Qb3 Qb6 13.Rc1 Nd7 14.Nd2 Nxd2 15.Kxd2 
O-O-O 16.f3 Rde8 17.Bd3 1/2-1/2

[Event "24th ECh U20"]
[Site "Siofok HUN"]
[Date "1996.??.??"]
[Round "2"]
[White "Schacher, Gerd"]
[Black "Lerch, Patrice"]
[Result "1-0"]
[WhiteElo "2235"]
[BlackElo "2330"]
[EventDate "1996.08.30"]
[PlyCount "65"]

1.c4 Nf6 2.Nc3 d5 3.cxd5 Nxd5 4.g3 Nxc3 5.bxc3 g6 6.Bg2 Bg7 7.Rb1 Nd7 8.c4
O-O 9.Nf3 Qe8 10.O-O Nb6 11.d3 Na4 12.Qc2 Rb8 13.c5 Bd7 14.d4 b6 15.Ne5 b5
16.Bf4 a6 17.c6 Bc8 18.Rbc1 Qd8 19.Nd7 Bxd7 20.cxd7 Qxd7 21.Bxc7 Qxd4 22.
Rfd1 Qb4 23.Bxb8 Rxb8 24.Qc7 Rf8 25.Rd8 Bf6 26.Rxf8+ Kxf8 27.Qd8+ Kg7 28.
Rc8 Bb2 29.Qf8+ Kf6 30.Rc6+ Kg5 31.h4+ Kf5 32.Qxf7+ Bf6 33.Qe6# 1-0